| 000 | 01275nam1a22002771 4500 | ||
|---|---|---|---|
| 001 | rc\3917977 | ||
| 005 | 20260513092946.0 | ||
| 035 | _a(NLR Aleph) 008023964 | ||
| 090 |
_a8778587 _c8778587 |
||
| 100 | _a20130415d1948 u y0rusy50 ca | ||
| 101 | 0 | _arus | |
| 102 | _aRU | ||
| 105 | _a z ||||| | ||
| 200 | 1 |
_aАльбом наладки заготовительно-штамповочного оборудования _fМ-во авиац. пром-сти СССР. Науч.-исслед. ин-т технологии и организации производства "НИАТ" |
|
| 210 |
_aМосква _cИзд-во и тип. Оборонгиза _d1948 |
||
| 215 | _d14х22 | ||
| 300 | _aНа обороте тит. л. сост.: С.В. Борисов | ||
| 606 |
_aАвиационные заводы _xЗаготовительно-штамповочное оборудование _xНаладка _2psbo |
||
| 700 | 1 |
_aБорисов _bС.В. _gСергей Васильевич |
|
| 712 | 0 | 2 |
_aНИИ технологии и организации производства _cМосква _9347769 _3RU\NLR\AUTH\889925981 |
| 801 | 0 |
_aRU _bNLR _gpsbo |
|
| 801 | 1 |
_aRU _bELAR _2rusmarc |
|
| 852 |
_aNLR _jТ36 Г-2/325 |
||
| 942 | _cBOOK | ||
| 980 | _aNB | ||